| 000 | 00970nac a22002771i 4500 | ||
|---|---|---|---|
| 003 | EG-ScBUE | ||
| 005 | 20230809131444.0 | ||
| 008 | 230809t2006 njuab f 001 0 eng d | ||
| 020 | _a013921156X | ||
| 040 |
_aEG-ScBUE _beng _erda _cEG-ScBUE _dEG-ScBUE |
||
| 082 | 0 | 4 |
_a938 _bMOR _222 |
| 100 | 1 |
_aMorris, Ian, _d1960- _eauthor. |
|
| 245 | 1 | 4 |
_aThe Greeks : _bhistory, culture, and society / _cIan Morris, Stanford University, Barry B. Powell, University of Wisconsin-Madison. |
| 250 | _aFirst edition. | ||
| 264 | 1 |
_aUpper Saddle River, N.J. : _bPearson Prentice Hall, _c[2006] |
|
| 264 | 4 | _cc2006 | |
| 300 |
_axvii, 534, [23] pages : _billustrations, maps ; _c24 cm |
||
| 336 |
_2rdacontent _atext _btxt |
||
| 337 |
_2rdamedia _aunmediated _bn |
||
| 338 |
_2rdacarrier _avolume _bnc |
||
| 500 | _aIncludes index. | ||
| 651 | 7 |
_aGreece _xHistory _yTo 146 B.C. _2BUEsh |
|
| 655 | _vReading book | ||
| 700 | 1 |
_aPowell, Barry B., _eauthor. |
|
| 942 |
_cBB _2ddc |
||
| 999 |
_c291 _d291 |
||